01787nam a2200277 4500001000400000003000400004005001700008008004100025020001500066040000800081041001300089082001500102100003000117240002300147245008600170260004200256300001100298520106300309650002501372650001401397650002001411650001201431655001201443655001601455700003801471197OSt20250528074014.0250203b |||||||g |||| 00| 1 eng d a8528611906 bpor hengapor a813bD353o1 aDelinsky, Barbara,d1945- aThe summer I dared aOusadia de verão /cDelinsky, Barbara ; Tradução de A. B. Pinheiro de Lemos aRio de JaneirobBertrand Brasilc2006 a406 p. aAmbientada numa ilha paradisíaca, de onde os lagosteiros partem todas as manhãs e onde os vizinhos se reúnem à noite para comemorar a produção do dia, "Ousadia de Verão", de Barbara Delinsky, é uma história comovente da busca arriscada, mas compensadora, do que existe de mais sublime em cada um de nós, na qual sobressaem o instinto de sobrevivência e a capacidade inesgotável do espírito humano de se recuperar de uma tragédia e criar uma vida nova. Julia Bechtel, Noah Prine e Kim Colella, os únicos sobreviventes de um terrível acidente de barco na costa do Maine, em que nove pessoas morreram, são assombrados por uma indagação: o que acontece logo após o momento que mudará sua vida para sempre? Julia, de 40 anos, esposa e mãe, sempre seguiu o caminho da submissão. Considerada por uma família controladora e um marido cada vez mais distante como "leal" e "obediente", ela compreende, após quase ter perdido a vida, que há mais dentro de si - e no mundo ao seu redor - do que jamais imaginara. 0aLiteratura Americana 0aChick Lit 0aAmor e Paixão 0aFamilia 0aRomance 0aFicção  aA. B. Pinheiro de LemoseTradutor